LEADER 01595nam 2200385z- 450 001 9910694137803321 005 20070130090123.0 035 $a(CKB)4920000000789536 035 $a(BIP)013955723 035 $a(EXLCZ)994920000000789536 100 $a20220104c2006uuuu -u- - 101 0 $aeng 200 10$aUncollected taxes $ecan we reduce the $300 billion tax gap? : hearing before the Federal Financial Management, Government Information, and International Security Subcommittee of the Committee on Homeland Security and Governmental Affairs, United States Senate, One Hundred Ninth Congress, first session, October 26, 2005 215 $a1 online resource (iii, 146 p.) $cill 311 $a0-16-077758-5 517 $aUncollected taxes 606 $aTaxpayer compliance$zUnited States 606 $aTax evasion$zUnited States 606 $aTax collection$zUnited States 606 $aTax administration and procedure$zUnited States 610 $aUnited States 610 $aTax evasion 610 $aTax collection 610 $aTax administration and procedure 610 $aBusiness & economics 610 $aLaw 615 0$aTaxpayer compliance 615 0$aTax evasion 615 0$aTax collection 615 0$aTax administration and procedure 712 02$aUnited States, Congress Senate Committee on Homeland Security and Governmental Affairs Subcommittee on Federal Financial Management, Government Information, and International Security Staff,$4oth 906 $aBOOK 912 $a9910694137803321 996 $aUncollected taxes$93103696 997 $aUNINA